000 00590nam1a22002051i 4500
001 rc\234211
005 20240723215057.0
035 _a(NLR Aleph) 005627239
090 _a6544233
_c6544233
100 _a20030307d1990 u |0rusy50 ca
101 0 _arus
102 _aRU
105 _ay |||||||||
200 1 _aМатериалы к биобиблиографии ученых СССР. Сер. биол. наук. Зоология
_fАН СССР
210 _aМ.
_d1990
215 _d17
801 0 _aRU
_bNLR
_gpsbo
801 1 _aRU
_bELAR
_2rusmarc
852 _aNLR
_bС
_jК-1/5299
942 _cBOOK